Quản trị Marketing

Trình bày tổng quan về quản trị marketing, hoạch định chiến lược marketing, các chiến lược marketing cạnh tranh, hệ thống thông tin marketing và nghiên cứu marketing, thị trường tiêu dùng và hành vi mua của người tiêu dùng...; KT079...

Deskribapen osoa

Gorde:
Xehetasun bibliografikoak
Egile nagusia: Lê, Thế Giới
Formatua: Liburua
Hizkuntza:Undetermined
Argitaratua: H. Giáo dục Việt Nam 2010
Gaiak:
Sarrera elektronikoa:http://lrc.tdmu.edu.vn/opac/search/detail.asp?aID=2&ID=7286
Etiketak: Etiketa erantsi
Etiketarik gabe, Izan zaitez lehena erregistro honi etiketa jartzen!
Thư viện lưu trữ: Trung tâm Học liệu Trường Đại học Thủ Dầu Một
LEADER 00956nam a2200205Ia 4500
001 TDMU_7286
008 210410s9999 xx 000 0 und d
082 |a 658.8 
090 |b L250 
100 |a Lê, Thế Giới 
245 0 |a Quản trị Marketing 
245 0 |c Lê Thế Giới;Nguyễn Xuân Lãn 
260 |a H. 
260 |b Giáo dục Việt Nam 
260 |c 2010 
300 |a 336tr 
520 |a Trình bày tổng quan về quản trị marketing, hoạch định chiến lược marketing, các chiến lược marketing cạnh tranh, hệ thống thông tin marketing và nghiên cứu marketing, thị trường tiêu dùng và hành vi mua của người tiêu dùng...; KT079 
650 |a Quản trị; Tiếp thị; Giáo trình 
856 |u http://lrc.tdmu.edu.vn/opac/search/detail.asp?aID=2&ID=7286 
980 |a Trung tâm Học liệu Trường Đại học Thủ Dầu Một